Paesi che confinano con l'Italia - Morte improvvisa - Statistics

Statistiche generali
  • Questo quiz è stato fatto 196 volte
  • Il punteggio medio è 5 su 6
Answers on the Grid
Answers color-coded by a green-red scale on the quiz's grid according to % correct below.
Città del Vaticano
Austria
San Marino
Slovenia
Svizzera
Francia
Germania
Spagna
Portogallo
Croazia
Repubblica Ceca
Polonia
Liechtenstein
Andorra
Malta
Tunisia
Cipro
Turchia
Grecia
Albania
 
Statistiche sulle risposte
Risposta % Corretto
Svizzera
93%
Francia
91%
Città del Vaticano
89%
Austria
88%
San Marino
87%
Slovenia
83%
Nessun quiz corrispondente trovato
Distribuzione punteggi
Percentuale di utenti per punteggio
Percentile per numero di risposta
I tuoi punteggi nel tempo
Non hai fatto questo quiz